Secessionist Movements by Flag - North America - Statistics

General Stats
  • This quiz has been taken 125 times
  • The average score is 11 of 20
Answer Stats
Picture Answer % Correct
Greenland
99%
Texas
98%
Quebec
94%
Aruba
90%
Curaçao
82%
Nevis
71%
Cascadia
67%
Anguilla
65%
Alberta
55%
Martinique
54%
New England
46%
Yucatán
44%
California
33%
Barbuda
32%
Guadeloupe
32%
Chiapas (Zapatistas)
31%
Lakotah
28%
Deseret
26%
Saint Martin
23%
Western Canada
19%
No matching quizzes found
Score Distribution
Percent of People with Each Score
Percentile by Number Answered
Your Score History
You have not taken this quiz